Чудеса происходят вовремя: Новеллы и рассказы. Пер. с греч.

Podrobná bibliografie
Hlavní autor: Александропулос М. Мицос
Další autoři: Полевой Б. Борис (автор предисловия)
Jazyk:ruština
Vydáno: Москва, Советский писатель, 1981
Témata:
Médium: MixedMaterials Kniha
KOHA link:https://koha.lib.tpu.ru/cgi-bin/koha/opac-detail.pl?biblionumber=124481

MARC

LEADER 00000nam0a2200000 4500
001 124481
005 20231031130933.0
020 |a RU  |b 81-78208 
035 |a (RuTPU)RU\TPU\book\134716 
090 |a 124481 
100 |a 20071101d1981 m y0rusy5003 ca 
101 1 |a rus  |c gre 
102 |a RU 
105 |a y z 000ay 
200 1 |a Чудеса происходят вовремя  |e Новеллы и рассказы. Пер. с греч.  |f М. Александропулос  |g авт. предисл. Б. Полевой 
210 |a Москва  |c Советский писатель  |d 1981 
215 |a 328 с.  |d 20 см.  |c портр. 
610 0 |a Фашизм в Греции (х. л.) 
610 0 |a Греция 
610 0 |a 20 век 
610 0 |a рассказы 
610 0 |a новеллы 
675 |a 88  |z rus 
700 1 |a Александропулос  |b М.  |g Мицос  |4 070 
702 1 |a Полевой  |b Б.  |g Борис  |4 080 
801 0 |a RU  |b RuMRKP  |c 19950704  |g psbo 
801 1 |a RU  |b 63413507  |c 20071101  |g PSBO 
801 2 |a RU  |b 63413507  |c 20071101  |g PSBO 
942 |c BK